Mô hình toán thủy văn
Spremljeno u:
| Glavni autor: | |
|---|---|
| Format: | Knjiga |
| Jezik: | Vietnamese |
| Izdano: |
Đại học quốc gia Hà Nội
2003
|
| Oznake: |
Dodaj oznaku
Bez oznaka, Budi prvi tko označuje ovaj zapis!
|
| Thư viện lưu trữ: | Mạng thư viện Đại học Đà Nẵng |
|---|
| LEADER | 00666nam a2200253 4500 | ||
|---|---|---|---|
| 001 | 000021525 | ||
| 003 | 17973 | ||
| 005 | 20150422080438.0 | ||
| 008 | 150422s2003 viesd | ||
| 020 | |c 28100 | ||
| 041 | 0 | |a vie | |
| 082 | 1 | 4 | |a 526,99 |b NG-K |
| 100 | 1 | |a Nguyễn Hữu Khải | |
| 245 | 1 | 0 | |a Mô hình toán thủy văn |c Nguyễn Hữu Khải, Nguyễn Thanh Sơn |
| 260 | |b Đại học quốc gia Hà Nội |c 2003 | ||
| 300 | |a tr. |c cm. | ||
| OWN | |a LSP | ||
| 999 | |a From the UDN01 | ||
| TYP | |a Monograph | ||
| TYP | |a Printed language | ||
| 980 | |a Mạng thư viện Đại học Đà Nẵng | ||